| 000 | 01768cam a2200265 4500 | ||
|---|---|---|---|
| 001 | ##L135333 | ||
| 008 | 061016n2006 000 0 eng u | ||
| 020 |
_a1860819362 _a9781860819360 |
||
| 035 | _a(Sirsi) u135333 | ||
| 041 | 0 | _aeng | |
| 050 | 0 | 4 | _a690.231 $2 18 |
| 100 | 1 | _aYates, Tim | |
| 245 | 0 | 0 |
_aSustainable refurbishment of Victorian housing _bguidance, assessment method and case studies |
| 260 |
_aGarston _bBRE Trust _c2006 |
||
| 300 |
_aiv, 35p. _bill. _c30cm. |
||
| 350 | _a30 | ||
| 505 | 1 | _aBackground to refurbishing sustainable Victorian housing: refurbishment of a four-storey tenement in Greenock, Scotland -- Developing an assessment methodology: development of EcoHomes XB and EcoHomes XBC; benchmarking pre-1919 housing using EcoHomes XBC -- Case study one: the Nelson Housing Market Regeneration Scheme -- Case study two: the Flagship Home Project, Beaufort Gardens, London -- Case study three: the Nottingham Ecohome -- Annex: the ICOMOS Charter on Built Vernacular Heritage | |
| 520 | _aSets out a method of assessing the refurbishment of traditionally built houses (1840-1919) similar to the method used in BREEAM EcoHomes. In particular, looks at competing requirements for modern energy and acoustic standards, whole building performance and the effects of durability, reliability and maintainability of the building fabric. Also considers the economic, environmental and social costs and benefits of retaining Victorian and Edwardian housing and develops a methodology that can be used in the assessment process. Includes case studies. | ||
| 590 | _aKA | ||
| 650 | 2 | 4 | _aBRE ECOHOMES XBC |
| 651 | 4 |
_aUnited Kingdom _y |
|
| 690 |
_aRefurbishment _96264 |
||
| 710 | 2 |
_aBuilding Research Establishment _bTrust _95092 |
|
| 942 | _n0 | ||
| 999 |
_c106008 _d106008 |
||